| 000 | 01471nam a2200301 c 4500 | ||
|---|---|---|---|
| 003 | BLK | ||
| 005 | 20180422113505.0 | ||
| 008 | 180410b bul|||||r ||||||| ||bul|| | ||
| 010 | _aKNG00163938000 | ||
| 040 | _aBLK | ||
| 041 |
_aBUL _cBUL |
||
| 080 |
_aИкономически теории. Икономически учения и школи _b330.8 _x _z330.8 |
||
| 100 | 1 |
_aЛеонидов, Атанас _eпърви автор _9366916 |
|
| 139 |
_aЛеонидов, Атанас _bЛ 46 |
||
| 245 | 1 | 0 |
_aНеоконсерватизмът и буржоазната политическа икономия _bМоногр. _cАтанас Леонидов. |
| 257 | _aBGR | ||
| 260 |
_аСофия _bНаука и изкуство _c1988 _fСофия : Ст. Добрев-Странджата, 1988 |
||
| 300 |
_a180 с. _bс диагр. _c22 см |
||
| 380 | _a3 | ||
| 500 | _aПълното име на авт. Атанас Леонидов Георгиев 1 414 тир. - Библиогр. под линия. - Рез. на рус., англ. ез. - Предм. показалец | ||
| 650 | 4 |
_aПолитическа икономия - икономически учения _9325523 |
|
| 653 | _aполитическа икономия | ||
| 852 | _aЦб 154088 | ||
| 856 | 4 |
_qpdf _u |
|
| 856 | 4 |
_qpdf _u |
|
| 942 |
_cKNG _n0 |
||
| 944 |
_aCR _c08.08.2014 _l08.08.2014 - от С1,Р / 08.08.2014 _kПавлина_Енева |
||
| 944 |
_aED _c08.08.2014 _l08.08.2014 - от С1,Р / 08.08.2014 _k |
||
| 999 |
_c157022 _d157022 |
||